000 00496nam a2200193Ia 4500
008 131103s9999 xx 000 0 und d
040 _aLoreto College
041 _aEnglish
082 _a910/MIL
_bLCBED/10155
100 _aMiller, A. Austin
245 _aClimatology
_cA. Austin Miller
250 _a9th Edition
260 _aBonbay
_bB.I.Pub.
_c1979
300 _ax, 320 p.
_b ill,
_c 21 cm.
504 _aIncludes index
650 _aGeography
850 _aLCBED/910/MIL
942 _cBK
999 _c29177
_d79656